All of Dermot Kennedy - Statistics

General Stats
  • This quiz has been taken 55 times
    3 since last reset
  • The average score is 61 of 81
Answer Stats
Hint Answer % Correct
Doves & Ravens A Closeness
100%
Without Fear All My Friends
100%
Doves & Ravens All My Friends (2017)
100%
Without Fear (The Complete Edition) All My Friends (Lost in the Soft Light Sessions)
100%
Sonder Already Gone
100%
Without Fear An Evening I Will Not Forget
100%
Other An Evening I Will Not Forget (Acoustic)
100%
Mike Dean Presents: Dermot Kennedy An Evening I Will Not Forget/Furthest Thing
100%
Sonder Better Days
100%
Other Better Days
100%
Sonder Blossom
100%
Without Fear Dancing Under Red Skies
100%
Without Fear (The Complete Edition) Days Like This
100%
The Weight of the Woods Endless
100%
The Weight of the Woods Funeral
100%
Without Fear (The Complete Edition) Giants
100%
The Weight of the Woods Honest
100%
Sonder Innocence and Sadness
100%
Sonder Kiss Me
100%
Without Fear Lost
100%
Sonder One Life
100%
Without Fear Outgrown
100%
Without Fear Outnumbered
100%
Without Fear (The Complete Edition) Outnumbered (Lost in the Soft Light Sessions)
100%
Other Paradise
100%
Other Power
100%
Without Fear Power Over Me
100%
Without Fear Redemption
100%
Without Fear Rome
100%
Other Shelter
100%
Sonder Something to Someone
100%
Without Fear The Corner
100%
The Weight of the Woods The Weight of the Woods
100%
Without Fear Without Fear
100%
Other After Rain
67%
Sonder Any Love
67%
The Weight of the Woods Blue Eyes
67%
Doves & Ravens Boston
67%
Mike Dean Presents: Dermot Kennedy Couldn't Tell
67%
Sonder Divide
67%
Other Don't Cry
67%
Sonder Don't Forget Me (Bonus)
67%
Sonder Dreamer
67%
Other For Island Fires & Family
67%
Doves & Ravens Glory
67%
Spotify Singles Glory
67%
Spotify Singles Heartless
67%
Sonder Homeward
67%
I've told the trees everything Lessons
67%
I've told the trees everything Lucky
67%
Without Fear Moments Passed
67%
Mike Dean Presents: Dermot Kennedy Moments Passed (Remix)
67%
The Weight of the Woods Often, Lately
67%
The Weight of the Woods Refuge
67%
Other Resolution (cover)
67%
I've told the trees everything Sunday
67%
Mike Dean Presents: Dermot Kennedy Swim Good
67%
The Weight of the Woods Sycamore
67%
Without Fear (The Complete Edition) Temptation (Live from Soundwaves)
67%
Without Fear (The Complete Edition) The Corner (Lost in the Soft Light Sessions)
67%
Without Fear (The Complete Edition) The Killer Was a Coward
67%
The Weight of the Woods The Only Time I Prayed
67%
The Weight of the Woods The Weight of the Woods (Reprise)
67%
The Weight of the Woods Trepidation
67%
The Weight of the Woods Turnstile
67%
I've told the trees everything Two Hearts
67%
The Weight of the Woods Wasted
67%
Without Fear What Have I Done
67%
Mike Dean Presents: Dermot Kennedy Young & Free
67%
The Weight of the Woods Black Water (Bonus)
33%
The Weight of the Woods Carrickfergus (Live) (Bonus)
33%
The Weight of the Woods Deserve (Bonus)
33%
Dancing Under Red Skies Drop in Low
33%
Dancing Under Red Skies Each Year Forever
33%
Sonder Hammers (Bonus)
33%
Sonder Lovers Don't Die (Bonus)
33%
Dancing Under Red Skies Snow Road
33%
The Weight of the Woods Stockholm (Bonus)
33%
Dancing Under Red Skies This Woodland Won't Listen
33%
Dancing Under Red Skies Your Tape
33%
Other Times Like These (BBC Live)
0%
No matching quizzes found
Score Distribution
Percent of People with Each Score
Percentile by Number Answered
Your Score History
You have not taken this quiz since the last reset